00571nam a2200205 a 4500001001300000003000900013005001700022008004100039020000800080082001800088100002900106245004400135260004800179300001000227500003500237505001700272650001700289650003000306700002900336nice12345678IN_TiNIC20260116011911.0050524s1969 edia grp 000 0 eng  ac200a297.1221bWAT aWatt, William Montgomery aIslamic Revelation in the Modern World. aEdinburghbEdinburgh University Pressc1969 a143p. aincludes index and biblioraphy2 aBibliography aQuran-Origin aIslam-Doctrine-Revelation1 aWatt, William Montgomery